| 000 | 00836nam a22002297a 4500 | ||
|---|---|---|---|
| 001 | 113779 | ||
| 003 | DR-UNIBE | ||
| 005 | 20250702083911.0 | ||
| 008 | 250625b2015 dr ||||| |||| 00| 0 spa d | ||
| 040 |
_aBIBLIOTECA UNIBE _bspa _cBIBLIOTECA UNIBE _erda |
||
| 041 | _aspa | ||
| 082 | _aF-RD 5982 | ||
| 100 | 1 |
_aCamargo, Carolina _eautor _9196551 |
|
| 245 | 1 | 0 |
_aGuía : _bciclo vital : proyecto creciendo en bienestar escuela de familia / _cCarolina Camargo |
| 260 |
_aSanto Domingo : _bInstituto Tecnológico de Santo Domingo (INTEC) : _bComedores Económicos del Estado Dominicano (CEED) : _bCREM, _c2015 |
||
| 300 | _a53 páginas | ||
| 490 | _aProyecto creciendo en bienestas, Escuela de familia | ||
| 650 | 7 |
_2lemb _aFamilia |
|
| 650 | 7 |
_2lemb _aPsicología evolutiva |
|
| 650 | 7 |
_2lemb _aRelaciones familiares |
|
| 942 |
_2ddc _cMX |
||
| 999 |
_c113779 _d113779 |
||